000 00898nam a2200253Ia 4500
003 OSt
005 20221005103023.0
006 a|||||r|||| 00| 0
007 ta
008 221004b |||||||| |||| 00| 0 hin d
024 _a31848
037 _cTextual
040 _aCRL
_cCRL
_bhin
041 _2hin
_ahin
082 _aO152,3N:g, K8
100 _aचुघ, सत्यपाल
245 0 _aप्रेमचन्दोत्तर उपन्याासों की शिल्पविधि
246 _aPremachandottar upanyāāsoan kī shilpavidhi
260 _aइलाहाबाद
_bलोकभारती प्रकाशन भारत
_c1968
300 _a944पृ.
_ccm.
650 _aहिन्दी साहित्य
942 _hO152,3N:g, K8
_cTEXL
_2cc
999 _c1009306
_d1009306